000 00766nam a2200229Ia 4500
003 OSt
005 20220923214006.0
006 a|||||r|||| 00| 0
007 ta
008 220922b |||||||| |||| 00| 0 hin d
024 _a166,224
037 _cTextual
040 _aARTS
_cARTS
_bhin
041 _2hin
_ahin
082 _aO152:1J32:18, H9
100 _aतुलसीदास
_9156277
245 0 _aकवितावली, भगवानदीन तथा विश्वनाथ प्रसाद मिश्र संपा
246 _aKavitāvalī, bhagavānadīn tathā vishvanāth prasād mishra sanpā0
260 _c1949
942 _hO152:1J32:18, H9
_cTEXL
_2CC
999 _c320703
_d320703